'Hello' in European Languages - Statistics

General Stats
  • This quiz has been taken 35 times
  • The average score is 14 of 40
Answer Stats
Language Answer % Correct
English Hello
96%
Hungarian Helló
96%
Dutch Hallo
89%
German Hallo
89%
Icelandic Halló
89%
Luxembourgish Hallo
89%
Norwegian Hallo
89%
French Bonjour
82%
Catalan Hola
82%
Spanish Hola
82%
Italian Ciao
68%
Portuguese Olá
61%
Danish Hej
54%
Finnish Hei
43%
Turkish Merhaba
25%
Bosnian Zdravo
21%
Croatian Zdravo
21%
Montenegrin Zdravo
21%
Macedonian Zdravo
21%
Serbian Zdravo
21%
Slovenian Zdravo
21%
Czech Ahoj
14%
Slovak Ahoj
14%
Latin Salve
14%
Estonian Tere
14%
Polish Cześć
11%
Maltese Bongu
7%
Irish (Gaelige) Dia dhuit
7%
Swedish Hallå
7%
Russian Zdravstvuyte
7%
Romanian Buna ziua
4%
Romansh Bun di
4%
Albanian Përshëndetje
4%
Belarusian Dobry dzień
4%
Ukrainian Priyvit
4%
Latvian Sveiki
4%
Lithuanian Sveiki
4%
Moldovan Bunziua
0%
Greek Geia sas
0%
Bulgarian Zdraveĭte
0%
No matching quizzes found
Score Distribution
Percent of People with Each Score
Percentile by Number Answered
Your Score History
You have not taken this quiz